Quizzes
Events
Quiz Creation
Community
Videos
Private Events
Remove Ads
Sign In
Join for FREE
Feedback
Dark Mode
Quiz Categories
Sports
Geography
Music
Movies
Television
Just For Fun
Miscellaneous
History
Literature
Language
Science
Gaming
Entertainment
Religion
Holiday
For Kids
Quiz Lab
Recent
Popular Today
Quiz Kudos Today
Editor Picks
Curator Picks
Quizzes by...
Day
Popularity
Type
Ratings
Length
Year
Community
Subscriptions
Recent Discussions
Orange Saloon
Badges
Playlists
Quests
Create
Leaderboards
Showdown
Live 5
Trivia Bingo
Activity
Puzzle Library
Sporcle Events
Private Events
Virtual Trivia
Globe League
Become a Host
Pub Owners
SporcleCon
Opinionation
Our Games
Videos
Blog
Mobile Apps
Partnerships
Remove Ads and Go Orange
Feedback
Sports
Athletes
MLB
NBA
NHL
NFL
Soccer
Sports Teams
WWE
NCAA
Football
Premier League
Basketball
Baseball
Hockey
Golf
Tennis
Cricket
Rugby
Auto Racing
Olympics
World Cup
Sports
Athletes
MLB
NBA
NHL
NFL
Soccer
Sports Teams
WWE
NCAA
Football
Premier League
Basketball
Baseball
Hockey
Golf
Tennis
Cricket
Rugby
Auto Racing
Olympics
World Cup
Random Quiz
Search Sporcle
×
Quiz Lab
Quiz Lab
Sports
Premier
Type in answers that appear in a list
Type in answers that appear in a list
Classic
Best Score? Go Orange.
Podiums du Golden Boy Stats
Pouvez-vous nommer pour chaque année les 3 premiers du Golden Boy ?
By
hugoplcn
10m
45 Questions
18 Plays
18 Plays
18 Plays
Comments
Comments
Give Quiz Kudos
Give Quiz Kudos
-
- Ratings
hide this ad
Replay
Link that replays current quiz
Next Quiz
Link to next quiz in quiz playlist
You Got
0%
They Got
Avg Score
48%
Avg Friend Score
Upgrade to see
Score Distribution
Jump to the score distribution portion of the page
Score
0/45
Timer
10:00
0
Plays Today
Année
Joueurs
% Correct
2005 (1er)
Lionel Messi
88.9%
2006 (2ème)
Lionel Messi
88.9%
2007 (2ème)
Lionel Messi
88.9%
2003 (3ème)
Cristiano Ronaldo
83.3%
2004 (2ème)
Cristiano Ronaldo
83.3%
2003 (2ème)
Wayne Rooney
77.8%
2004 (1er)
Wayne Rooney
77.8%
2005 (2ème)
Wayne Rooney
77.8%
2013 (1er)
Paul Pogba
77.8%
2006 (1er)
Cesc Fabregas
72.2%
2007 (3ème)
Cesc Fabregas
72.2%
2007 (1er)
Sergio Aguero
66.7%
2008 (3ème)
Sergio Aguero
66.7%
2011 (3ème)
Eden Hazard
66.7%
2012 (1er)
Isco
66.7%
2017 (2ème)
Ousmane Dembele
66.7%
2010 (1er)
Mario Balotelli
61.1%
2011 (1er)
Mario Gotze
61.1%
2015 (1er)
Anthony Martial
61.1%
2003 (1er)
Rafael Van der Vaart
50%
2014 (1er)
Raheem Sterling
50%
2016 (1er)
Renato Sanches
50%
2004 (3ème)
Fernando Torres
44.4%
Année
Joueurs
% Correct
2013 (2ème)
Romelu Lukaku
44.4%
2010 (3ème)
David de Gea
38.9%
2017 (1er)
Kyllian Mbappe
38.9%
2006 (3ème)
Anderson
33.3%
2008 (1er)
Anderson
33.3%
2009 (1er)
Alexandre Pato
33.3%
2012 (3ème)
Thibaut Courtois
33.3%
2014 (3ème)
Marquinhos
33.3%
2016 (2ème)
Marcus Rashford
33.3%
2017 (3ème)
Marcus Rashford
33.3%
2005 (3ème)
Lukas Podolski
27.8%
2008 (2ème)
Theo Walcott
27.8%
2009 (3ème)
Bojan Krkic
27.8%
2015 (2ème)
Kingsley Coman
27.8%
2016 (3ème)
Kingsley Coman
27.8%
2010 (2ème)
Jack Wilshere
22.2%
2013 (3ème)
Julian Draxler
16.7%
2014 (2ème)
Divock Origi
11.1%
2009 (2ème)
Tevan Jovetic
5.6%
2011 (2ème)
Thiago Alcantara
5.6%
2015 (3ème)
Hector Bellerin
5.6%
2012 (2ème)
Stefan El Shaarawy
0%
Quiz Playlist
Details
Report
Send in Message
Add To Playlist
Classic:
Type in answers that appear in a list
Last Updated: Nov 22, 2017
Quiz Scoreboard
CHALLENGE
Sign Up to Join the Scoreboard
Show All
Scores
Hide
Comments
May contain spoilers
Recently Published
Billboard Blitz: Fleetwood Mac
by CooCooCachoo
Music
15s
Presidents Visiting Landmarks
by Hejman
History
7m
An Introduction to Baseball
by treessimontrees
Sports
5m
More to Explore
Quiz From the Vault
Featured Blog Post
Where Did the Easter Bunny Come From?
hide this ad
You Might Also Like...
Tags
Boy
les
podium
Premier
Today's Top Quizzes in Sports
Browse Sports
hide this ad
Today's Top Quizzes in Premier
Browse Premier
Top Contributed Quizzes in Sports
1
Les meilleurs buteurs des matchs entre le PSG et l’OM
2
2022 World Cup Stars
3
FIFA Club World Cup Champions
4
Les entraîneurs de l'OM et du PSG au 21e siècle
5
Name the Premier League winners with different clubs
6
5-to-1: UK Sports Teams
7
La finale Lions - Afrique du Sud 2021
8
Criteria MLB: Left Handed Sluggers
9
AFC Teams Reveal (Wrong Answers Minefield)
10
England Test cricketers to play under Nasser Hussain
Explore More
Trending Topics
Harry Potter
Disney
Marvel
Anime
Crossword
Kpop
NBA
WWE
Country
Puzzle
Pokémon
Soccer
The Office
NFL
Song
hide this ad
More By:
hugoplcn
Quiz
Plays
Rating
Category
Featured
Created
Podiums du Golden Boy
18
Sports
Nov 22, 2017
Go to Creator's Profile
Score Distribution
Quiz Creator Spotlight
hugoplcn
Follow
Send a Message
Quizzes Created
-
Created Quiz Play Count
-
More By This Creator
Popular Quizzes Today
1
Find the US States - No Outlines Minefield
2
Find the Countries of Europe - No Outlines Minefield
3
The Countries of the World
4
Find the US States
5
Popular People in 1961
6
US States
7
Risky Map Clicking: Biggest States A-Z
8
Movies - When Are They Set?
More Sports Quizzes
WRC Manufacturers Champions
Quiz Lab
Trending Quizzes
Risky Map Clicking: Least Populous States A-Z
1-10 Letter G Words
1-10 Letter F Words
Risky Map Clicking: Next State Alphabetically
'A' Boys' Names Grid
Recently Updated
Leaping Animals
pecheneg
Reality TV Shows (A-Z)
bhenderson79
Rickey Henderson's Hall of Fame Teammates
pecheneg
Champions League XIs: Arsenal
pecheneg
Quick Pick: Celebrities in WWE's Hall of Fame
aduchscher
A-Z Keypad Blitz II
pecheneg
Multiple Oscar Actors
pecheneg
Mystery Phrase Blitz: Oscar 'Best Actors'
pecheneg
F. Scott Fitzgerald Novels
LTH
Pick 3 Villains
ddd62291
Trending Topics
Anime
Marvel
NBA
Harry Potter
Crossword
Kpop
Disney
WWE
Song
Country
Soccer
The Office
NFL
Puzzle
Pokémon
Your Account Isn't Verified!
In order to create a playlist on Sporcle, you need to verify the email address you used during registration. Go to your
Sporcle Settings
to finish the process.
Report this User
Report this user for behavior that violates our
Community Guidelines
.
Details:
Send Report
Go to the Sporcle.com Mobile Site →
Comments